[Event "GER-chT U20 Girls"]
[Site "Magdeburg"]
[Date "2023.12.30"]
[Round "7.10"]
[White "Quauck, Isabell"]
[Black "Bohatyrova, Natalia"]
[Result "0-1"]
[WhiteElo "931"]
[BlackElo "1506"]
[PlyCount "46"]
[EventDate "2023.12.26"]
[EventType "team-swiss"]
[EventRounds "7"]
[EventCountry "GER"]
[SourceTitle "CBM 218 Extra"]
[Source "ChessBase"]
[SourceDate "2024.03.31"]
[SourceVersion "1"]
[SourceVersionDate "2024.03.31"]
[SourceQuality "1"]
[WhiteTeam "Eintracht Tangerhuette"]
[BlackTeam "Erkenschwick"]
[WhiteTeamCountry "GER"]
[BlackTeamCountry "GER"]

1. e4 e5 2. Nf3 Nc6 3. d4 exd4 4. Bc4 Nf6 5. Ng5 Ne5 6. Qxd4 Nxc4 7. Qxc4 d5 8. exd5 Nxd5 9. Nc3 Bb4 10. Bd2 Bxc3 11. Bxc3 Qxg5 12. 0-0 0-0 13. Rfe1 Nxc3 14. Qxc3 c6 15. Re5 Qf6 16. Rae1 Be6 17. Qd3 Rad8 18. Qe4 Rd2 19. Rf1 Rfd8 20. Rh5 h6 21. Qb4 Rxf2 22. Rxf2 Rd1+ 23. Rf1 Qxf1# 0-1